00452nam a2200181 a 4500001001300000003000900013005001700022008004100039020001000080082001500090100001600105245002800121260004200149300000900191500003500200505001000235650002500245nice12345678IN_TiNIC20260116011838.0050524s1989 saha grp 000 0 urd  ac6.500a297.5bGHA aGhazali, Al aTabligh-E-Deen Mahasha. aSaharanpur bAwas Vikas Colony c1989 a304p aincludes index and biblioraphy2 aIndex aIslam-Moral Theology